| 000 | 00386nam a22001577a 4500 | ||
|---|---|---|---|
| 999 |
_c532619 _d532619 |
||
| 003 | NUST | ||
| 005 | 20191126160058.0 | ||
| 008 | 191126b ||||| |||| 00| 0 eng d | ||
| 038 | _aMSOHAIL | ||
| 082 | _a0 | ||
| 100 |
_aAqsa Mashkoor _926244 |
||
| 245 | _aJacobabad Institute of Medical Science ....... \ | ||
| 260 |
_aIslamabad _bNUST _cc2014 |
||
| 300 | _ap;v.p. | ||
| 942 |
_2ddc _cBK |
||